000 00535pam a2200217 i 4500
001 800788
005 20171215080515.0
008 751007s1976 njua b 001 0 eng
010 _a 75033185
020 _a0134447603 :
_c$12.95
040 _aDLC
_cDLC
_dDLC
041 _aeng
080 _a155 CRA
082 0 0 _a155 CRA
100 1 _a 3
101 _aSHM
245 1 0 _aHuman development /
_cGrace J. Craig.
504 _aBibliography: p. 475-489.
906 _a7
_bcbc
_corignew
_d1
_eocip
_f19
_gy-gencatlg
942 _2ddc
_cBK
999 _c39024
_d39024